Mest folkerike land - Statistics

General Stats
  • This quiz has been taken 49 times
    43 since last reset
  • The average score is 6 of 15
Answer Stats
Question Answer % Correct
Hvilket land har størst folketall? Ghana
100%
Hvilket land har størst folketall? Hellas
71%
Hvilket land har størst folketall? Pakistan
71%
Hvilket land har størst folketall? Monaco
57%
Hvilket land har størst folketall? Usbekistan
57%
Hvilket land har størst folketall? Etiopia
29%
Hvilket land har størst folketall? Guatemala
29%
Hvilket land har størst folketall? Irak
29%
Hvilket land har størst folketall? Spania
29%
Hvilket land har størst folketall? Uganda
29%
Hvilket land har størst folketall? Danmark
14%
Hvilket land har størst folketall? Myanmar
14%
Hvilket land har størst folketall? Saint Lucia
14%
Hvilket land har størst folketall? Storbritannia
14%
Hvilket land har størst folketall? Tsjekkia
14%
No matching quizzes found
Score Distribution
Percent of People with Each Score
Percentile by Number Answered
Your Score History
You have not taken this quiz since the last reset